Obálka Náhled e-knihy:
PDF Epub
Pro půjčování e-knih musíte být přihlášeni.
Jak si půjčit online?

Lunasterové. Krok do prázdna /

Další příběh z fantasy série odehrávající se v mystickém světě Lunasterů, vzdáleně podobném našemu.

Uloženo v:
Série:Lunasterové, část 3
Hlavní autor: Ščerba, Natal‘ja Vasil‘jevna, 1981- (Autor)
Další autoři: Pálušová, Martina, 1982- (Autor)
Médium: E-kniha
Jazyk:Czech
Vydáno: V Praze : Fragment, 2022
Vydání:1. vydání
Témata:
Příbuzné jednotky:Přeloženo z: Lunastry
Z cyklu:: Lunasterové
Tagy:
Žádné tagy
LEADER 02710nam a2200541 i 4500
001 311639
003 CZ PrSKC
005 20260601215709.0
007 ta
008 220824s2022 xr a c 000 f cze
015 |a cnb003444491 
020 |a 9788025359198  |q (vázáno) :  |c Kč 449,00 
035 |a (OCoLC)1347065110 
040 |a ABG001  |b cze  |e rda 
041 1 |a cze  |h rus 
072 7 |a 821.161.1  |x Ruská literatura, rusky psaná  |2 Konspekt 
072 7 |a 821-93  |x Literatura pro děti a mládež (beletrie)  |2 Konspekt 
080 |a 821.161.1-31  |2 MRF 
080 |a 821-93  |2 MRF 
080 |a (0:82-312.9)  |2 MRF 
100 1 |a Ščerba, Natal‘ja Vasil‘jevna,  |d 1981-  |7 hka2016931562  |4 aut 
240 1 0 |a Šagi v pustotě.  |l Česky 
245 1 0 |a Lunasterové.  |p Krok do prázdna /  |c Natalja Ščerba ; z ruského originálu Lunastry 3 - Šagi v pustotě ... přeložila Martina Pálušová 
246 3 0 |a Krok do prázdna 
250 |a 1. vydání 
264 1 |a V Praze :  |b Fragment,  |c 2022 
300 |a 302 stran :  |b ilustrace ;  |c 23 cm 
336 |a text  |b txt  |2 rdacontent 
337 |a bez média  |b n  |2 rdamedia 
338 |a svazek  |b nc  |2 rdacarrier 
500 |a Na hřbetu označení svazku: 3 
520 2 |a Další příběh z fantasy série odehrávající se v mystickém světě Lunasterů, vzdáleně podobném našemu.  |b Dvoutvářný svět stojí na prahu velkého Času zatmění. Kdo prorazí cestu do tajemného Astralisu? Bílý drak Silver, nebo černý drak Aurum? Celestina, Tim a Alex musí v těchto těžkých dobách najít své místo ve světě. Všichni cítí, že se blíží okamžik, kdy bude potřeba zariskovat a udělat krok do prázdna. Nakladatelská anotace. Kráceno. 
521 8 |a Pro čtenáře od 12 let 
655 7 |a rusky psané romány  |7 fd227906  |2 czenas 
655 7 |a fantasy romány  |7 fd184199  |2 czenas 
655 7 |a publikace pro děti  |7 fd133156  |2 czenas 
655 9 |a fiction in Russian  |2 eczenas 
655 9 |a fantasy novels  |2 eczenas 
655 9 |a children's literature  |2 eczenas 
700 1 |a Pálušová, Martina,  |d 1982-  |7 js20080118009  |4 trl 
765 0 |t Lunastry 
787 0 8 |i Z cyklu:  |t Lunasterové  |g 3 
900 |a ABA001  |b 20 
928 9 |a Albatros Media - Fragment 
044 |a xr 
910 |a RBIT002 
998 |d 358606  |a https://core.palmknihy.cz/api/books/358606/cover?si7e58  |b https://core.palmknihy.cz/api/books/358606/cover/400?si7e58  |c https://core.palmknihy.cz/api/books/358606/cover/50?si7e58  |e 2026-07-28  |g 304  |i 9788025359198  |j https://core.palmknihy.cz/api/books/358606/preview.epub  |k https://core.palmknihy.cz/api/books/358606/preview.pdf  |l   |q 49  |r 1  |s https://www.palmknihy.cz/kniha/358606  |t ebook  |y 2022  |z 0  |v Lunasterové  |w 3 
999 |d 311637